00332 a2200109 4500001001000000005001700010008004100027245006900068100002300137773004500160999001700205ART_5177720260410162044.0260409a 10aProyecciones en materia tributaria de la igualdad constitucional1 aGusman, Alfredo S.0 tImpuestosg- N°84 (sep. 2020)wREV45175 c35158d35158